Keldai yang Bijak : (Record no. 203646)

MARC details
000 -LEADER
fixed length control field 01587nam a2200385 ia4500
005 - DATE AND TIME OF LATEST TRANSACTION
control field 20260401145018.0
008 - FIXED-LENGTH DATA ELEMENTS--GENERAL INFORMATION
fixed length control field 260401s2025 my a br 000 1 may d
020 ## - INTERNATIONAL STANDARD BOOK NUMBER
International Standard Book Number 9789672268468
Qualifying information set
International Standard Book Number 9789672268383
Terms of availability RM9.90
Qualifying information paperback
040 ## - CATALOGING SOURCE
Original cataloging agency PPAK
Language of cataloging eng
Transcribing agency PPAK
Description conventions rda
082 04 - DEWEY DECIMAL CLASSIFICATION NUMBER
Edition number 23
Classification number 499.2386
090 00 - LOCALLY ASSIGNED LC-TYPE CALL NUMBER (OCLC); LOCAL CALL NUMBER (RLIN)
Classification number (OCLC) (R) ; Classification number, CALL (RLIN) (NR) 499.2386
Feature heading KIL
Feature heading K
100 1# - MAIN ENTRY--PERSONAL NAME
Personal name Kilambi, Nikhila,
Relator term author.
245 10 - TITLE STATEMENT
Linkage 880-01
Title Keldai yang Bijak :
Remainder of title dan lain-lain cerita /
Statement of responsibility, etc. Penulis: Nikhila Kilambi ; Penterjemah: Haslinda Hasim ; Editor: Nur Syafiqa Yusoff ; Teks Jawi: Mohd Noor Ameen ; Ilustrasi: Edukid Team ; Rekaan & Ilustrasi Kulit : Mohd Nazaruddin Saidin
264 #1 - PRODUCTION, PUBLICATION, DISTRIBUTION, MANUFACTURE, AND COPYRIGHT NOTICE
Place of production, publication, distribution, manufacture Kuala Lumpur :
Name of producer, publisher, distributor, manufacturer Edukid Publication Sdn. Bhd.,
Date of production, publication, distribution, manufacture, or copyright notice [2025?]
300 ## - PHYSICAL DESCRIPTION
Extent 16 pages :
Other physical details colour illustrations ;
Dimensions 20 cm
336 ## - CONTENT TYPE
Content type term text
Source rdacontent
337 ## - MEDIA TYPE
Media type term unmediated
Source rdamedia
338 ## - CARRIER TYPE
Carrier type term volume
Source rdacarrier
490 1# - SERIES STATEMENT
Linkage 880-02
Series statement Siri Sahabat Hutan ;
Volume/sequential designation 5
546 ## - LANGUAGE NOTE
Language note Text in Jawi script
650 10 - SUBJECT ADDED ENTRY--TOPICAL TERM
Topical term or geographic name entry element Malay language
Form subdivision Readers
Topical term or geographic name entry element Jawi alphabet
Topical term or geographic name entry element Children's stories, Malay
Topical term or geographic name entry element Animals
Form subdivision Fiction
700 0# - ADDED ENTRY--PERSONAL NAME
Personal name Haslinda Hasim,
Relator term translator.
Personal name Nur Syafiqa Yusoff,
Relator term editor.
Personal name Mohd. Noor Ameen,
Relator term author.
Personal name Mohd Nazaruddin Saidin,
Relator term illustrator.
710 2# - ADDED ENTRY--CORPORATE NAME
Corporate name or jurisdiction name as entry element Edukid Team,
Relator term illustrator.
830 #0 - SERIES ADDED ENTRY--UNIFORM TITLE
Uniform title Siri sahabat hutan ;
Volume/sequential designation 5
880 10 - ALTERNATE GRAPHIC REPRESENTATION
Linkage 245-01/(3/r
a كلداي يڠ بيجق :
b دان لاين-لاين چريتا
Linkage 490-02/(3/r
a سيري صحابة هوتن
942 ## - ADDED ENTRY ELEMENTS (KOHA)
Source of classification or shelving scheme Dewey Decimal Classification
Koha item type Book
Holdings
Withdrawn Not for loan Current library Shelving location Date acquired Total Checkouts Full call number Barcode Date last seen Koha item type
    Perpustakaan Alor Setar Pinjaman Kanak-kanak 09/04/2026   K 499.2386 KIL A01907262 09/04/2026 Book
    Perpustakaan Awam Sungai Petani Pinjaman Kanak-kanak 09/04/2026   K 499.2386 KIL A01907263 09/04/2026 Book
    Perpustakaan Baling Pinjaman Kanak-kanak 09/04/2026   K 499.2386 KIL A01907267 09/04/2026 Book
    Perpustakaan Bandar Baharu Pinjaman Kanak-kanak 09/04/2026   K 499.2386 KIL A01907268 09/04/2026 Book
    Perpustakaan Jitra Pinjaman Kanak-kanak 09/04/2026   K 499.2386 KIL A01907264 09/04/2026 Book
    Perpustakaan Kuala Nerang Pinjaman Kanak-kanak 09/04/2026   K 499.2386 KIL A01907272 09/04/2026 Book
    Perpustakaan Kulim Pinjaman Kanak-kanak 09/04/2026   K 499.2386 KIL A01907266 09/04/2026 Book
    Perpustakaan Langkawi Pinjaman Kanak-kanak 09/04/2026   K 499.2386 KIL A01907265 09/04/2026 Book
    Perpustakaan Merbok Pinjaman Kanak-kanak 09/04/2026   K 499.2386 KIL A01907269 09/04/2026 Book
    Perpustakaan Pendang Pinjaman Kanak-kanak 09/04/2026   K 499.2386 KIL A01907273 09/04/2026 Book
    Perpustakaan Sik Pinjaman Kanak-kanak 09/04/2026   K 499.2386 KIL A01907271 09/04/2026 Book
    Perpustakaan Yan Pinjaman Kanak-kanak 09/04/2026   K 499.2386 KIL A01907270 09/04/2026 Book
    Bergerak 1, Alor Setar Pinjaman Kanak-kanak 09/04/2026   K 499.2386 KIL A01907274 09/04/2026 Book
    Bergerak 3, Baling Pinjaman Kanak-kanak 09/04/2026   K 499.2386 KIL A01907275 09/04/2026 Book
    Bergerak 4, Sungai Petani Pinjaman Kanak-kanak 09/04/2026   K 499.2386 KIL A01907276 09/04/2026 Book
    Bergerak 5, Kulim Pinjaman Kanak-kanak 09/04/2026   K 499.2386 KIL A01907277 09/04/2026 Book